000 00656nam a2200217 i 4500
001 92754
003 ES-MaACL
005 20230906181042.0
007 t|
008 050428s2001 sp ||||1| spa d
020 _a84-607-1270-2
080 _a821.134.2-14"19"
100 1 _aFenoy, Francisco (
_d1941-)
_9166476
245 1 0 _aGolpe a golpe
_b: (poemario de pensamiento social) /
_cFrancisco Fenoy.
260 _aAlcorcón :
_bAgrupación Hispana de Escritores,
_c[2001]
300 _a37 p. ;
_c21 cm.
490 1 _aColección Aljibes
830 0 _aColección Aljibes
_9232058
852 _aES-MaACL
_j2187-F-25
_bR.135214
999 _c92754
_d92754